[Event "M17"]
[Site "Vinkovci"]
[Date "2017.07.25"]
[Round "3.10"]
[White "Sculac, Zvonimir"]
[Black "Raguz, Frano"]
[Result "1-0"]
[WhiteElo "1746"]
[BlackElo "1499"]
[PlyCount "37"]
[EventDate "2017.07.24"]

1. Nf3 Nc6 2. d4 d6 3. c4 Bf5 4. Nc3 e5 5. d5 Nb4 6. e4 Bg4 7. Be2 Qd7 8. a3
Na6 9. Be3 Nf6 10. Qc2 Be7 11. b4 O-O 12. O-O Nh5 13. h3 Bxh3 14. gxh3 Qxh3 15.
Nh2 f5 16. exf5 Rxf5 17. Bg4 Qh4 18. Qxf5 Nf6 19. Bg5 1-0

[Event "M17"]
[Site "Vinkovci"]
[Date "2017.07.26"]
[Round "4.1"]
[White "Muha, Miljenko"]
[Black "Tomulic, Teo"]
[Result "1-0"]
[WhiteElo "2256"]
[BlackElo "2319"]
[PlyCount "63"]
[EventDate "2017.07.24"]

1. d4 Nf6 2. c4 e6 3. Nc3 Bb4 4. e3 O-O 5. Bd3 d5 6. a3 Bxc3+ 7. bxc3 e5 8.
dxe5 dxc4 9. exf6 cxd3 10. fxg7 Kxg7 11. Nh3 Bf5 12. Nf4 Nc6 13. c4 Qd6 14.
Bb2+ Kg8 15. O-O Bg6 16. h4 Ne7 17. Qg4 h5 18. Nxh5 f5 19. Qg5 Kf7 20. Nf6 Ng8
21. h5 Nxf6 22. hxg6+ Kg8 23. Qxf5 Qc6 24. Qh3 Qd7 25. Qxd7 Nxd7 26. Rad1 Nb6
27. Rxd3 Nxc4 28. Bc3 Nd6 29. f3 Rfe8 30. Kf2 Rf8 31. Rxd6 cxd6 32. Rh1 1-0

[Event "M17"]
[Site "Vinkovci"]
[Date "2017.07.26"]
[Round "4.2"]
[White "Radenic, Filip"]
[Black "Ghersinich, Enrico"]
[Result "1-0"]
[WhiteElo "2129"]
[BlackElo "2165"]
[PlyCount "135"]
[EventDate "2017.07.24"]

1. c4 e5 2. Nc3 Nc6 3. g3 f5 4. Bg2 Nf6 5. e3 d5 6. cxd5 Nb4 7. d3 Nfxd5 8.
Nxd5 Nxd5 9. a3 c6 10. Ne2 Bd6 11. O-O Qe7 12. e4 Nf6 13. Bg5 O-O 14. f4 fxe4
15. dxe4 Bg4 16. h3 Rad8 17. Qc2 Be6 18. f5 Bf7 19. g4 Bc5+ 20. Kh1 h6 21. Bh4
Be3 22. Rad1 Qc7 23. Bg3 Qb6 24. Qc3 Bd4 25. Nxd4 exd4 26. Qd2 Bb3 27. Rde1 c5
28. Bf3 Rfe8 29. g5 hxg5 30. Qxg5 d3 31. e5 Nh7 32. Qg4 Rd4 33. Re4 Kh8 34.
Rxd4 cxd4 35. Be4 Qc5 36. f6 gxf6 37. Qg6 Qe7 38. Bh4 d2 39. Qh6 Rf8 40. Bxh7
Qg7 41. Bxf6 Rxf6 42. Qxg7+ Kxg7 43. exf6+ Kf8 44. Bg6 d1=Q 45. Rxd1 Bxd1 46.
Kg2 d3 47. Kf2 d2 48. Ke3 Bg4 49. Kxd2 Bxh3 50. Kc3 Bg2 51. Kd4 Bf3 52. Be4 Be2
53. Bxb7 Kf7 54. Ke5 Bg4 55. b4 Bd7 56. Bd5+ Kf8 57. Kd6 Bb5 58. Kc7 Be2 59.
Be6 Bd3 60. Kb7 a6 61. a4 Ke8 62. Kb6 Kd8 63. b5 axb5 64. axb5 Be4 65. Ka7 Ke8
66. b6 Bc6 67. b7 Bxb7 68. Kxb7 1-0

[Event "M17"]
[Site "Vinkovci"]
[Date "2017.07.26"]
[Round "4.3"]
[White "Kanizaj, Benjamin"]
[Black "Mican, Mato"]
[Result "1/2-1/2"]
[WhiteElo "1767"]
[BlackElo "1952"]
[PlyCount "84"]
[EventDate "2017.07.24"]

1. e4 e5 2. Nf3 Nc6 3. d4 exd4 4. Nxd4 Bc5 5. Nb3 Bb6 6. Nc3 Nge7 7. Bg5 O-O 8.
Qd2 d6 9. O-O-O Be6 10. f4 f6 11. Bh4 Bf7 12. g4 Ng6 13. Bg3 Re8 14. h4 d5 15.
h5 Nf8 16. Nxd5 Rxe4 17. Nxb6 axb6 18. Bg2 Qxd2+ 19. Rxd2 Re3 20. Bf2 Re7 21.
a3 Ra4 22. Nd4 Nxd4 23. Rxd4 Rxd4 24. Bxd4 Rd7 25. Be3 Bd5 26. Bxd5+ Rxd5 27.
Rd1 Rxd1+ 28. Kxd1 b5 29. Kd2 g6 30. hxg6 hxg6 31. Kd3 Kf7 32. c4 bxc4+ 33.
Kxc4 Ke6 34. b4 c6 35. Bd4 Nd7 36. a4 f5 37. g5 Kd6 38. Bc5+ Ke6 39. a5 Nb8 40.
Bb6 Kd6 41. Bc5+ Ke6 42. Ba7 Nd7 1/2-1/2

[Event "M17"]
[Site "Vinkovci"]
[Date "2017.07.26"]
[Round "4.4"]
[White "Kukas, Oliver"]
[Black "Borzan, Andrej"]
[Result "1-0"]
[WhiteElo "2068"]
[BlackElo "1690"]
[PlyCount "49"]
[EventDate "2017.07.24"]

1. e4 e5 2. Nf3 Nc6 3. d4 exd4 4. Bc4 d6 5. Nxd4 Nxd4 6. Qxd4 Qf6 7. Qd3 Bd7 8.
Nc3 Ne7 9. O-O g6 10. Re1 c6 11. e5 Qf5 12. exd6 Qxd3 13. Bxd3 Be6 14. dxe7
Bxe7 15. Bf4 O-O 16. a3 Rad8 17. Rad1 Rfe8 18. h3 Bf6 19. Be5 Bxe5 20. Rxe5 b6
21. Rde1 Kf8 22. f4 h5 23. Kf2 c5 24. Bb5 Rd2+ 25. R1e2 1-0

[Event "M17"]
[Site "Vinkovci"]
[Date "2017.07.26"]
[Round "4.5"]
[White "Jurakic, Lukas"]
[Black "Simunic, Krunoslav"]
[Result "0-1"]
[WhiteElo "1731"]
[BlackElo "1993"]
[PlyCount "50"]
[EventDate "2017.07.24"]

1. e4 e6 2. d3 d5 3. Nd2 c5 4. Ngf3 Nc6 5. g3 Nf6 6. Bg2 Bd6 7. O-O O-O 8. Re1
Qc7 9. Nf1 b6 10. Bg5 Be7 11. Bf4 Qd8 12. e5 Nd7 13. h4 Bb7 14. N1h2 f6 15. Bh3
Ndxe5 16. Nxe5 Nxe5 17. Bxe5 fxe5 18. Bxe6+ Kh8 19. Rxe5 Bf6 20. Rf5 Qd6 21.
Qe2 Rae8 22. Re1 Bc8 23. Rxd5 Qc6 24. Rf5 Rxe6 25. Qd2 Rxe1+ 0-1

[Event "M17"]
[Site "Vinkovci"]
[Date "2017.07.26"]
[Round "4.6"]
[White "Mazuran, Gabrijel"]
[Black "Novosel, Marko"]
[Result "0-1"]
[WhiteElo "1741"]
[BlackElo "1989"]
[PlyCount "114"]
[EventDate "2017.07.24"]

1. d4 Nf6 2. Bf4 g6 3. Nf3 Bg7 4. e3 d6 5. Nbd2 O-O 6. h3 b6 7. Be2 Bb7 8. O-O
Nbd7 9. c3 Kh8 10. Qc2 Nh5 11. Bh2 e5 12. g4 Nhf6 13. dxe5 dxe5 14. Nxe5 Nxe5
15. Bxe5 Ne8 16. Bxg7+ Nxg7 17. Bf3 Bxf3 18. Nxf3 f5 19. Rad1 Qc8 20. Ne5 fxg4
21. hxg4 Qe6 22. f4 Qxa2 23. c4 Qa6 24. Rd7 Qa5 25. Nxg6+ Kg8 26. Nxf8 Rxf8 27.
Qc3 Qxc3 28. bxc3 Ne6 29. f5 Nc5 30. Rxc7 a5 31. Rxc5 bxc5 32. Ra1 Ra8 33. Ra4
Kf7 34. Kf2 Kf6 35. Kf3 Ke5 36. e4 h6 37. Ra1 a4 38. Rd1 a3 39. Rd5+ Kf6 40.
e5+ Kg5 41. Rd1 h5 42. Ke4 a2 43. Ra1 hxg4 44. f6 g3 45. f7 g2 46. Kd5 Kf5 47.
Kd6 Rb8 48. e6 Kf6 49. Rg1 Rd8+ 50. Kc7 Ke7 51. Ra1 Ra8 52. Kb7 Rf8 53. Re1 Rh8
54. Ra1 Rh1 55. Kc8 Rxa1 56. f8=Q+ Kxf8 57. Kd8 Rd1+ 0-1

[Event "M17"]
[Site "Vinkovci"]
[Date "2017.07.26"]
[Round "4.7"]
[White "Zivkovic, Zvonimir"]
[Black "Dabic, Stjepan"]
[Result "0-1"]
[WhiteElo "1683"]
[BlackElo "1881"]
[PlyCount "62"]
[EventDate "2017.07.24"]

1. Nf3 Nf6 2. g3 g6 3. Bg2 Bg7 4. c4 O-O 5. d3 c5 6. Nc3 d6 7. O-O Nc6 8. Bd2
e6 9. Qc1 Re8 10. e3 Nd7 11. Ne1 a6 12. Nc2 Nde5 13. Ne1 Qc7 14. a3 Rb8 15. f4
Nd7 16. Ne2 b5 17. Bc3 e5 18. f5 Kh8 19. cxb5 axb5 20. Bd5 Nb6 21. f6 Nxd5 22.
fxg7+ Kxg7 23. e4 Nxc3 24. Nxc3 Be6 25. a4 Nd4 26. axb5 Nb3 27. Qd1 Nxa1 28.
Qxa1 c4 29. Qd1 Rec8 30. d4 Qa7 31. Nf3 Bg4 0-1

[Event "M17"]
[Site "Vinkovci"]
[Date "2017.07.26"]
[Round "4.8"]
[White "Hajpek, Erik"]
[Black "Damjanovic, Stjepan"]
[Result "1/2-1/2"]
[WhiteElo "1755"]
[BlackElo "1552"]
[PlyCount "41"]
[EventDate "2017.07.24"]

1. Nf3 d5 2. g3 Nc6 3. Bg2 Nf6 4. d4 g6 5. O-O Bg7 6. Nc3 O-O 7. Re1 Re8 8. Ne5
Bf5 9. h3 Nb4 10. e4 dxe4 11. Nxe4 Nxe4 12. Bxe4 Bxe4 13. Rxe4 Qd5 14. Qe2 Bxe5
15. dxe5 Nc6 16. b3 Rad8 17. Bb2 Qd2 18. Qc4 Qd5 19. Qe2 Qd2 20. Qc4 Qd5 21.
Qe2 1/2-1/2

[Event "M17"]
[Site "Vinkovci"]
[Date "2017.07.26"]
[Round "4.9"]
[White "Petrovic, David"]
[Black "Sculac, Zvonimir"]
[Result "1/2-1/2"]
[WhiteElo "1614"]
[BlackElo "1746"]
[PlyCount "23"]
[EventDate "2017.07.24"]

1. e4 c5 2. c3 Nf6 3. e5 Nd5 4. d4 cxd4 5. cxd4 Nc6 6. Bc4 e6 7. Bxd5 exd5 8.
Nc3 d6 9. Nf3 dxe5 10. Nxe5 Bb4 11. Nxc6 bxc6 12. Qa4 1/2-1/2

[Event "M17"]
[Site "Vinkovci"]
[Date "2017.07.26"]
[Round "4.10"]
[White "Saric, Vid"]
[Black "Cotic, Borna"]
[Result "0-1"]
[WhiteElo "1509"]
[BlackElo "2087"]
[PlyCount "152"]
[EventDate "2017.07.24"]

1. d4 d5 2. c4 e6 3. Nc3 Be7 4. Nf3 Nf6 5. Bg5 h6 6. Bh4 O-O 7. e3 b6 8. cxd5
Nxd5 9. Bxe7 Qxe7 10. Nxd5 exd5 11. Bd3 Be6 12. O-O c5 13. b3 Rc8 14. Rc1 Nd7
15. Qe2 a5 16. Bb5 Bg4 17. h3 Bxf3 18. Qxf3 Nf6 19. Bd3 a4 20. Qe2 Rc7 21. Qd2
axb3 22. axb3 Qd6 23. Rc2 Rac8 24. Rfc1 cxd4 25. exd4 g6 26. Rxc7 Rxc7 27. Rxc7
Qxc7 28. Qc2 Qxc2 29. Bxc2 Kf8 30. b4 Ke7 31. f3 Nh5 32. Kf2 Nf4 33. h4 Ne6 34.
Ke3 Nd8 35. Ba4 Kd6 36. Be8 Ke7 37. Ba4 Ke6 38. Be8 Nb7 39. g4 Nd6 40. Bc6 Nc4+
41. Kd3 g5 42. h5 Nb2+ 43. Kd2 Nc4+ 44. Kd3 Nd6 45. Ke3 f5 46. Kd3 fxg4 47.
fxg4 Ne4 48. Ke3 Kd6 49. b5 Nf6 50. Kf3 Ke7 51. Kg3 Ke6 52. Kf3 Ng8 53. Ke3 Ne7
54. Bb7 Kd6 55. Kd3 Kc7 56. Ba6 Ng8 57. Ke3 Nf6 58. Kf3 Nd7 59. Ke3 Nb8 60. Kd3
Nxa6 61. bxa6 Kb8 62. Kc3 Ka7 63. Kb4 Kxa6 64. Ka4 b5+ 65. Kb4 Kb6 66. Kb3 Ka5
67. Ka3 b4+ 68. Kb2 Ka4 69. Ka2 b3+ 70. Kb2 Kb4 71. Kb1 Kc3 72. Kc1 Kxd4 73.
Kb2 Kc4 74. Kb1 Kc3 75. Kc1 b2+ 76. Kb1 d4 0-1

[Event "M17"]
[Site "Vinkovci"]
[Date "2017.07.27"]
[Round "5.2"]
[White "Tomulic, Teo"]
[Black "Novosel, Marko"]
[Result "1-0"]
[WhiteElo "2319"]
[BlackElo "1989"]
[PlyCount "29"]
[EventDate "2017.07.24"]

1. e4 c5 2. Nf3 g6 3. d4 cxd4 4. Qxd4 Nf6 5. e5 Nc6 6. Qa4 Ng8 7. Nc3 e6 8. Bg5
Be7 9. Bxe7 Ngxe7 10. O-O-O O-O 11. h4 Qa5 12. Qf4 a6 13. h5 Qd8 14. Ne4 f5 15.
Qh6 1-0

[Event "M17"]
[Site "Vinkovci"]
[Date "2017.07.27"]
[Round "5.3"]
[White "Mican, Mato"]
[Black "Kukas, Oliver"]
[Result "0-1"]
[WhiteElo "1952"]
[BlackElo "2068"]
[PlyCount "128"]
[EventDate "2017.07.24"]

1. e4 c5 2. Nc3 d6 3. f4 e6 4. Nf3 Nc6 5. g3 g6 6. d3 Bg7 7. Bg2 Nge7 8. O-O
O-O 9. a3 Nd4 10. Nxd4 Bxd4+ 11. Kh1 Bd7 12. Ne2 Bg7 13. Rb1 Rc8 14. Bd2 Bc6
15. Bc3 d5 16. Bxg7 Kxg7 17. g4 f5 18. Ng3 dxe4 19. dxe4 Qxd1 20. Rbxd1 fxg4
21. Rd6 Rf6 22. e5 Rf7 23. c4 Bxg2+ 24. Kxg2 Nf5 25. Nxf5+ exf5 26. Rfd1 Re8
27. R1d5 Kh6 28. b4 Rc7 29. bxc5 Rec8 30. e6 Re7 31. c6 Rxc6 32. Rxc6 bxc6 33.
Rd6 c5 34. Rc6 Kg7 35. Rxc5 Kf6 36. a4 Kxe6 37. a5 Kd6 38. Rb5 Rc7 39. Rb4 Kc5
40. Rb1 Re7 41. a6 Re6 42. Rb7 Rxa6 43. Rxh7 Kxc4 44. Kg3 Ra3+ 45. Kg2 Kd4 46.
Re7 a5 47. Re6 a4 48. Rxg6 Ke4 49. Ra6 Kxf4 50. Ra5 Ra2+ 51. Kg1 Ke4 52. Kf1 f4
53. Ke1 Kf3 54. Rh5 a3 55. Ra5 Re2+ 56. Kf1 Re3 57. Ra4 Rb3 58. Ke1 Kg2 59.
Rxf4 Rb1+ 60. Ke2 a2 61. Rxg4+ Kh1 62. Ra4 a1=Q 63. Rxa1 Rxa1 64. h4 Ra4 0-1

[Event "M17"]
[Site "Vinkovci"]
[Date "2017.07.27"]
[Round "5.4"]
[White "Simunic, Krunoslav"]
[Black "Kanizaj, Benjamin"]
[Result "1-0"]
[WhiteElo "1993"]
[BlackElo "1767"]
[PlyCount "123"]
[EventDate "2017.07.24"]

1. d4 d5 2. c4 c6 3. Nc3 Nf6 4. Nf3 e6 5. Bg5 Nbd7 6. e3 Qa5 7. Nd2 Bb4 8. Qc2
O-O 9. Be2 Ne4 10. Ndxe4 dxe4 11. Bh4 e5 12. O-O f5 13. a3 Bxc3 14. bxc3 Rf7
15. c5 Nf8 16. f3 exf3 17. Rxf3 Ng6 18. Be1 Be6 19. c4 Qc7 20. Rd1 e4 21. Rf1
Rd8 22. Bg3 f4 23. exf4 Bf5 24. Bh5 Rfd7 25. Bxg6 hxg6 26. Qc3 b6 27. cxb6 Qxb6
28. Bf2 Re8 29. Rb1 Qa6 30. Be3 Rb7 31. Rb4 Reb8 32. d5 cxd5 33. cxd5 Qd3 34.
Qxd3 exd3 35. Bd2 Rxb4 36. axb4 Rb5 37. Ra1 Rxd5 38. Rxa7 Rd8 39. Ra2 Re8 40.
Bc3 Re4 41. g3 Rc4 42. Bd2 Kf7 43. b5 Rc7 44. b6 Rb7 45. Ra7 Be4 46. Kf2 Ke6
47. Ke3 Kf6 48. Rxb7 Bxb7 49. Kxd3 Kf5 50. Kd4 Kg4 51. Ke5 Kh3 52. Kd6 Kxh2 53.
Kc7 Be4 54. b7 Bxb7 55. Kxb7 Kxg3 56. Kc6 Kg4 57. Kd5 Kh5 58. Ke6 Kh6 59. Kf7
Kh7 60. Bc3 g5 61. fxg5 g6 62. Kf6 1-0

[Event "M17"]
[Site "Vinkovci"]
[Date "2017.07.27"]
[Round "5.5"]
[White "Dabic, Stjepan"]
[Black "Cotic, Borna"]
[Result "1-0"]
[WhiteElo "1881"]
[BlackElo "2087"]
[PlyCount "119"]
[EventDate "2017.07.24"]

1. d4 d5 2. c4 e6 3. Nc3 Be7 4. cxd5 exd5 5. Bf4 c6 6. e3 Bf5 7. g4 Bg6 8. Nf3
Nf6 9. Ne5 Nbd7 10. h4 Be4 11. f3 Nxe5 12. dxe5 Nxg4 13. Nxe4 Bxh4+ 14. Rxh4
Qxh4+ 15. Bg3 Qh6 16. Nd6+ Kf8 17. Nf5 Nxe3 18. Nxh6 Nxd1 19. Nxf7 Kxf7 20.
Rxd1 g5 21. Bh3 Rae8 22. b4 h5 23. Bd7 Re7 24. e6+ Rxe6+ 25. Bxe6+ Kxe6 26. Kf2
Rf8 27. Re1+ Kd7 28. Kg2 g4 29. fxg4 hxg4 30. Rh1 Rf7 31. Rh8 Ke6 32. Rg8 Kf5
33. Re8 Kg6 34. a4 b6 35. Rc8 Rf6 36. Rc7 a6 37. Bf2 c5 38. bxc5 bxc5 39. Rxc5
Kf7 40. Rxd5 Ke6 41. Rg5 Kd6 42. Rxg4 Kc6 43. Rb4 Kc7 44. Be3 Rf5 45. Kg3 Rf6
46. Bf4+ Kc8 47. Kf3 Re6 48. a5 Rc6 49. Rb8+ Kd7 50. Rb6 Rc5 51. Rxa6 Kc8 52.
Ra7 Rc4 53. a6 Ra4 54. Ra8+ Kd7 55. a7 Kc6 56. Be3 Ra3 57. Rc8+ Kb7 58. Rb8+
Kc6 59. a8=Q+ Rxa8 60. Rxa8 1-0

[Event "M17"]
[Site "Vinkovci"]
[Date "2017.07.27"]
[Round "5.6"]
[White "Ghersinich, Enrico"]
[Black "Salamon, Viktor"]
[Result "1-0"]
[WhiteElo "2165"]
[BlackElo "1749"]
[PlyCount "53"]
[EventDate "2017.07.24"]

1. e4 c5 2. Nf3 e6 3. c3 Nf6 4. e5 Nd5 5. Bc4 d6 6. d4 cxd4 7. cxd4 Nb6 8. Bb3
dxe5 9. Nxe5 Nc6 10. Nxc6 bxc6 11. O-O Be7 12. Qg4 Bf6 13. Be3 Nd5 14. Nc3 Nxc3
15. bxc3 O-O 16. Bc2 Ba6 17. Rfe1 g6 18. Bh6 Bg7 19. Bxg7 Kxg7 20. h4 h5 21.
Qg3 Qb8 22. Qg5 Qd8 23. Qg3 Qb8 24. f4 Bc4 25. Rab1 Qd6 26. Rb7 Rab8 27. Qxg6+
1-0

[Event "M17"]
[Site "Vinkovci"]
[Date "2017.07.27"]
[Round "5.7"]
[White "Sculac, Zvonimir"]
[Black "Hajpek, Erik"]
[Result "0-1"]
[WhiteElo "1746"]
[BlackElo "1755"]
[PlyCount "56"]
[EventDate "2017.07.24"]

1. Nf3 d5 2. c4 d4 3. e3 Nc6 4. d3 e5 5. exd4 Nxd4 6. Nxd4 Qxd4 7. Nc3 Bb4 8.
Qa4+ Bd7 9. Qxb4 Nf6 10. Be3 Qg4 11. Qxb7 O-O 12. Qf3 Qg6 13. Qg3 Ng4 14. Nd5
Qd6 15. Be2 f5 16. Bg5 f4 17. Qh4 Nf6 18. Bxf6 gxf6 19. O-O c6 20. Nc3 f5 21.
f3 Kh8 22. Qf2 Rg8 23. Kh1 Rg5 24. Rg1 Rg3 25. Bf1 Be8 26. Ne2 Rg5 27. d4 Qh6
28. dxe5 Qxh2+ 0-1

[Event "M17"]
[Site "Vinkovci"]
[Date "2017.07.27"]
[Round "5.8"]
[White "Damjanovic, Stjepan"]
[Black "Petrovic, David"]
[Result "1/2-1/2"]
[WhiteElo "1552"]
[BlackElo "1614"]
[PlyCount "100"]
[EventDate "2017.07.24"]

1. e4 e5 2. Nf3 Nc6 3. Bc4 Bc5 4. Nc3 Nf6 5. d3 d6 6. Bg5 h6 7. Bh4 Nd4 8. Nd5
g5 9. Bg3 Bg4 10. Ne3 Nxf3+ 11. gxf3 Bh5 12. Nf5 Bg6 13. Ne3 c6 14. c3 Qb6 15.
Qe2 O-O-O 16. Bb3 Rhe8 17. Nc4 Qa6 18. h4 Nh5 19. hxg5 hxg5 20. O-O-O Nf4 21.
Bxf4 gxf4 22. d4 exd4 23. cxd4 d5 24. dxc5 dxc4 25. Qxc4 Qa5 26. Rd4 Rxd4 27.
Qxd4 Rd8 28. Rh8 Bh5 29. Bd1 f6 30. Qxd8+ Qxd8 31. Rxd8+ Kxd8 32. Kd2 b6 33.
cxb6 axb6 34. Kd3 Kc7 35. Kd4 c5+ 36. Kc3 Kc6 37. b4 b5 38. bxc5 Kxc5 39. a3
Be8 40. Be2 Bd7 41. Bf1 Bc8 42. Kd3 Ba6 43. Kc3 Bc8 44. Bd3 Bd7 45. Bc2 Bc6 46.
Bb3 Be8 47. Be6 Bc6 48. Kd3 Bb7 49. Bd7 Bc6 50. Bg4 Bb7 1/2-1/2

[Event "M17"]
[Site "Vinkovci"]
[Date "2017.07.27"]
[Round "5.9"]
[White "Borzan, Andrej"]
[Black "Saravanja, Matija"]
[Result "1/2-1/2"]
[WhiteElo "1690"]
[BlackElo "1923"]
[PlyCount "39"]
[EventDate "2017.07.24"]

1. d4 d5 2. c4 e6 3. Nc3 Be7 4. Nf3 Nf6 5. Bf4 O-O 6. e3 b6 7. a3 Bb7 8. Be2
dxc4 9. Bxc4 Nd5 10. Nxd5 exd5 11. Bd3 c5 12. dxc5 bxc5 13. O-O Nd7 14. Qc2 h6
15. Bb5 Nf6 16. Rfd1 Qb6 17. Bd3 Rfd8 18. Bf5 Bc8 19. Be5 Be6 20. Rab1 1/2-1/2

[Event "M17"]
[Site "Vinkovci"]
[Date "2017.07.27"]
[Round "5.10"]
[White "Zivkovic, Zvonimir"]
[Black "Mazuran, Gabrijel"]
[Result "1/2-1/2"]
[WhiteElo "1683"]
[BlackElo "1741"]
[PlyCount "43"]
[EventDate "2017.07.24"]

1. d4 Nf6 2. c4 e6 3. Nf3 Bb4+ 4. Bd2 Qe7 5. a3 Bxd2+ 6. Nbxd2 d5 7. e3 b6 8.
b4 O-O 9. c5 bxc5 10. bxc5 c6 11. Bd3 Qc7 12. O-O Nbd7 13. Qa4 Re8 14. Nb3 e5
15. Bf5 e4 16. Nfd2 a5 17. Bxd7 Nxd7 18. Rfe1 f5 19. f4 exf3 20. Nxf3 g6 21.
Nc1 Ba6 22. Qc2 1/2-1/2

[Event "M17"]
[Site "Vinkovci"]
[Date "2017.07.27"]
[Round "6.1"]
[White "Muha, Miljenko"]
[Black "Simunic, Krunoslav"]
[Result "1-0"]
[WhiteElo "2256"]
[BlackElo "1993"]
[PlyCount "109"]
[EventDate "2017.07.24"]

1. d4 d5 2. Bf4 Bf5 3. e3 e6 4. c4 Bxb1 5. Qa4+ Qd7 6. Qxd7+ Nxd7 7. Rxb1 Bb4+
8. Kd1 Ngf6 9. f3 dxc4 10. Bxc4 Nb6 11. Bb3 Nbd5 12. Nh3 O-O 13. Ke2 Nxf4+ 14.
Nxf4 Rfe8 15. Nd3 Be7 16. Rbc1 c6 17. g4 Rad8 18. h4 Nd5 19. a3 Kh8 20. g5 Bd6
21. f4 Ne7 22. Nc5 Nf5 23. Rh3 Bxc5 24. Rxc5 g6 25. h5 gxh5 26. Bc2 Kg7 27. Be4
h4 28. Bxf5 exf5 29. Kd3 Rd5 30. Rc2 Rd6 31. Rxh4 Rde6 32. Rh3 f6 33. Rg2 Rh8
34. Rh5 Kf8 35. g6 Re7 36. Rxf5 Rg7 37. Rxf6+ Ke7 38. Rf7+ Rxf7 39. gxf7 Kxf7
40. e4 h5 41. Ke3 b6 42. f5 h4 43. Rh2 h3 44. e5 Rh4 45. Kf3 Kg7 46. Kg3 Rxd4
47. Rxh3 Re4 48. e6 Re1 49. Kf4 Re2 50. Rg3+ Kf8 51. Kg5 Rxb2 52. Kf6 Re2 53.
Rh3 Kg8 54. e7 c5 55. Rd3 1-0

[Event "M17"]
[Site "Vinkovci"]
[Date "2017.07.27"]
[Round "6.2"]
[White "Tomulic, Teo"]
[Black "Radenic, Filip"]
[Result "0-1"]
[WhiteElo "2319"]
[BlackElo "2129"]
[PlyCount "114"]
[EventDate "2017.07.24"]

1. d4 Nf6 2. c4 g6 3. Nc3 d5 4. Nf3 Bg7 5. e3 O-O 6. cxd5 Nxd5 7. Be2 c5 8. Qb3
Nb6 9. dxc5 N6d7 10. Qa3 Nc6 11. O-O a5 12. Na4 Nb4 13. Qb3 Qc7 14. Bd2 Nxc5
15. Nxc5 Qxc5 16. Rac1 Qd6 17. Rfd1 Be6 18. Bc4 Bxc4 19. Rxc4 Rfd8 20. a3 Qd3
21. Qxd3 Nxd3 22. Rc7 Nxb2 23. Rb1 b5 24. Kf1 Nc4 25. Bc1 Bf6 26. Ke2 Rab8 27.
Rc5 Nd6 28. Nd2 Rdc8 29. Rd5 Bc3 30. Kd3 Rb6 31. Nb3 Rbc6 32. Ke2 a4 33. Nd2
Bg7 34. Kd1 Rc5 35. Rd3 Rc2 36. Rd5 f5 37. f3 Kf7 38. e4 Ke6 39. Rd3 Bh6 40. e5
Rxc1+ 41. Rxc1 Rxc1+ 42. Kxc1 Nc4 43. Kc2 Bxd2 44. Rd8 Bf4 45. g3 Bxe5 46. f4
Nxa3+ 47. Kc1 Bc3 48. Rd3 b4 49. h4 Nb5 50. Kc2 Nd4+ 51. Kb1 Kd5 52. h5 Kc4 53.
Re3 b3 54. hxg6 hxg6 55. g4 a3 56. Re2 Nxe2 57. g5 a2# 0-1

[Event "M17"]
[Site "Vinkovci"]
[Date "2017.07.27"]
[Round "6.3"]
[White "Kukas, Oliver"]
[Black "Dabic, Stjepan"]
[Result "1-0"]
[WhiteElo "2068"]
[BlackElo "1881"]
[PlyCount "72"]
[EventDate "2017.07.24"]

1. Nf3 Nf6 2. g3 d5 3. Bg2 g6 4. O-O Bg7 5. d3 O-O 6. c3 Nbd7 7. Nbd2 e5 8. e4
c6 9. Re1 Re8 10. Qc2 dxe4 11. dxe4 Qc7 12. a4 b6 13. Nc4 Ba6 14. Bf1 Bb7 15.
b4 a6 16. Bg5 h6 17. Bxf6 Bxf6 18. Rad1 Be7 19. Rxd7 Qxd7 20. Nxb6 Qc7 21. Nxa8
Rxa8 22. Qb3 Kg7 23. Bc4 Bf6 24. Rd1 Bc8 25. Kg2 h5 26. h3 g5 27. Ne1 Qe7 28.
Nc2 Be6 29. Ne3 Kh7 30. Bxe6 fxe6 31. Qc4 a5 32. Qxc6 Ra7 33. b5 Rc7 34. Qd6
Qf7 35. c4 Rc8 36. Qd7 Be7 1-0

[Event "M17"]
[Site "Vinkovci"]
[Date "2017.07.27"]
[Round "6.4"]
[White "Hajpek, Erik"]
[Black "Ghersinich, Enrico"]
[Result "0-1"]
[WhiteElo "1755"]
[BlackElo "2165"]
[PlyCount "50"]
[EventDate "2017.07.24"]

1. d4 Nf6 2. c4 c5 3. d5 b5 4. b3 g6 5. Bb2 Bg7 6. Nd2 O-O 7. e4 Qa5 8. Bd3
bxc4 9. bxc4 d6 10. Ne2 Nbd7 11. f4 Nxd5 12. exd5 Bxb2 13. Rb1 Bg7 14. Qc2 Ba6
15. O-O Rab8 16. Nb3 Qa3 17. Rf3 Rb4 18. Rh3 Qa4 19. f5 Ne5 20. fxg6 fxg6 21.
Nc3 Qd7 22. Nb5 Bxb5 23. cxb5 Nxd3 24. Qxd3 c4 25. Qd2 cxb3 0-1

[Event "M17"]
[Site "Vinkovci"]
[Date "2017.07.27"]
[Round "6.5"]
[White "Novosel, Marko"]
[Black "Jurakic, Lukas"]
[Result "1-0"]
[WhiteElo "1989"]
[BlackElo "1731"]
[PlyCount "63"]
[EventDate "2017.07.24"]

1. e4 c5 2. Nf3 e6 3. d4 cxd4 4. Nxd4 Nf6 5. Nc3 d6 6. Bg5 Be7 7. Qf3 h6 8.
Bxf6 Bxf6 9. O-O-O a6 10. Kb1 Nc6 11. Nxc6 bxc6 12. g4 Rb8 13. Bc4 Qa5 14. Bb3
Bxc3 15. Qxc3 Qxc3 16. bxc3 Ke7 17. f4 c5 18. Kc1 h5 19. g5 Bb7 20. Rde1 Rbc8
21. Bc4 f5 22. gxf6+ gxf6 23. f5 e5 24. Be6 Rcd8 25. Rhg1 Rh7 26. c4 Bc8 27.
Bd5 a5 28. Rg6 Ba6 29. Reg1 Rb8 30. Kd2 Rb2 31. Rg8 Bb7 32. R8g7+ 1-0

[Event "M17"]
[Site "Vinkovci"]
[Date "2017.07.27"]
[Round "6.6"]
[White "Ristanic, Petar"]
[Black "Mican, Mato"]
[Result "0-1"]
[WhiteElo "1716"]
[BlackElo "1952"]
[PlyCount "88"]
[EventDate "2017.07.24"]

1. e4 e5 2. Nf3 Nc6 3. Bb5 a6 4. Ba4 Nf6 5. d3 b5 6. Bb3 Be7 7. c3 O-O 8. O-O
d6 9. Nbd2 Na5 10. Bc2 c5 11. Re1 Re8 12. Nf1 Bf8 13. Nh4 Nxe4 14. Rxe4 f5 15.
Nxf5 Bxf5 16. Re1 Bg6 17. Ne3 Ra7 18. Ng4 Nc6 19. Bb3+ Kh8 20. Bd5 Ne7 21. Be6
Ng8 22. Bd5 Qc8 23. Bf3 Nf6 24. Nxf6 gxf6 25. Bh5 Qf5 26. Bxg6 hxg6 27. Re3 Rh7
28. Qf3 Qxf3 29. Rxf3 Kg7 30. Bd2 Rb8 31. b3 f5 32. g3 Kf6 33. h4 Bh6 34. Bxh6
Rxh6 35. Re1 Rbh8 36. Kf1 R6h7 37. Ke2 a5 38. c4 b4 39. Kd2 a4 40. Rb1 axb3 41.
axb3 Ra8 42. Ke3 Ra2 43. Rh1 Ke6 44. g4 f4+ 0-1

[Event "M17"]
[Site "Vinkovci"]
[Date "2017.07.27"]
[Round "6.7"]
[White "Kanizaj, Benjamin"]
[Black "Damjanovic, Stjepan"]
[Result "1-0"]
[WhiteElo "1767"]
[BlackElo "1552"]
[PlyCount "129"]
[EventDate "2017.07.24"]

1. e4 e5 2. Nf3 Nc6 3. d4 exd4 4. Nxd4 Bc5 5. Nb3 Bb6 6. Nc3 d6 7. Qe2 Be6 8.
Be3 Nf6 9. f3 Qe7 10. O-O-O O-O-O 11. g4 h6 12. Kb1 g5 13. Bxb6 axb6 14. h3 Ne5
15. Rd4 d5 16. Ra4 Kb8 17. Nd4 dxe4 18. Nxe6 Qxe6 19. Nxe4 Nxe4 20. Rxe4 Qf6
21. Bg2 Ng6 22. Re1 Qd6 23. b3 Nf4 24. Qf2 Qd2 25. Qxd2 Rxd2 26. Bf1 Rhd8 27.
Bc4 f6 28. Re8 Kc8 29. Be6+ Kb8 30. Bf5 Ka7 31. Rxd8 Rxd8 32. Re7 c6 33. a4
Rd1+ 34. Kb2 Rh1 35. Rf7 Rxh3 36. Rxf6 Rxf3 37. Rxh6 Rg3 38. Be6 Nxe6 39. Rxe6
Rxg4 40. Rg6 Rg3 41. Rg8 g4 42. b4 b5 43. axb5 cxb5 44. Rg6 Rg1 45. Kc3 g3 46.
Kd4 b6 47. Rg7+ Ka6 48. Kc3 Rg2 49. Rg5 Kb7 50. Rxb5 Kc6 51. Rg5 Rg1 52. Kc4
b5+ 53. Kd4 g2 54. Rg6+ Kd7 55. Kc5 Ke7 56. Kxb5 Kd7 57. c4 Kc7 58. Kc5 Kb7 59.
Rg7+ Kc8 60. b5 Kb8 61. Kc6 Rf1 62. Rg8+ Rf8 63. Rxf8+ Ka7 64. b6+ Ka6 65. Ra8#
1-0

[Event "M17"]
[Site "Vinkovci"]
[Date "2017.07.27"]
[Round "6.8"]
[White "Petrovic, David"]
[Black "Borzan, Andrej"]
[Result "1/2-1/2"]
[WhiteElo "1614"]
[BlackElo "1690"]
[PlyCount "45"]
[EventDate "2017.07.24"]

1. e4 e5 2. Nf3 Nc6 3. Bc4 Bc5 4. c3 d6 5. d4 exd4 6. cxd4 Bb4+ 7. Bd2 Bxd2+ 8.
Nbxd2 Nf6 9. O-O O-O 10. d5 Ne5 11. Nxe5 dxe5 12. Rc1 a6 13. a4 Bd7 14. Qb3 Rb8
15. Rfe1 b5 16. axb5 axb5 17. Bd3 Ne8 18. Rc5 Qf6 19. Nf3 Qh6 20. Rec1 Qd6 21.
Qc3 f6 22. Nh4 g6 23. Be2 1/2-1/2